000 00662nam a2200241Ia 4500
003 OSt
005 20221006144742.0
006 a|||||r|||| 00| 0
007 ta
008 221006b |||||||| |||| 00| 0 eng d
020 _a079140076X
_c
_72.05
024 _a12,607
037 _cTextual
040 _aEASL
_cEASL
_beng
041 _2eng
_aeng
082 _aV41:19(zM).C, N0
100 _aLewis Mark Edward
_931459
245 0 _aSanctioned violence in early China
260 _aNew York
_bState University of New
_c1990
300 _a374p.
_ccm.
942 _hV41:19(zM).C, N0
_cTEXL
_2CC
999 _c1080693
_d1080693